000
00228 a2200097 4500
001
40825
100
_a
Atta ul Haq Qasmi
245
_a
Rosan-i-Divar Say
260
_a
Lahore
_b
Sange-e-Meel Publications
_c
090
_c
25087
_d
25087
942
_a
NUST-CAE
_c
M
_c
16766
999
_c
275898
_d
275898